Statistics for 100 Spider-Man Villains

Click here to take the quiz!

General Stats

  • This quiz has been taken 30 times
  • The average score is 30 of 100

Answer Stats

Answer% Correct
Doctor Octopus
100%
Rhino
100%
Sand Man
100%
Electro
95%
Green Goblin
95%
Venom
95%
Carnage
91%
Mysterio
91%
Shocker
91%
Vulture
91%
Kingpin
86%
Morbius
86%
Hobgoblin
82%
Juggernaut
73%
The Spot
73%
Lizard
68%
Scorpion
68%
Beetle
59%
Mr. Negative
59%
Prowler
59%
Tombstone
59%
Chameleon
55%
Hammerhead
55%
Stilt Man
55%
Incandescent Man
50%
Video Man
50%
Jack O' Lantern
45%
Tarantula
45%
The Jackal
45%
The Wall
45%
Black Tarantula
41%
Big Wheel
36%
Boomerang
36%
Scream
36%
Swarm
32%
Demogoblin
27%
Leap Frog
27%
Morlun
27%
Sin-Eater
27%
Speed Demon
27%
Kangaroo
23%
Rose
23%
Alistair Smythe
18%
Doppelganger
18%
Grizzly
18%
Man-Mountain Marko
18%
Silvermane
18%
Vermin
18%
Will o' the Wisp
18%
Crime Master
14%
Iguana
14%
Piledriver
14%
Shriek
14%
Slyde
14%
Stegron
14%
Cardiac
9%
Carrion
9%
Fancy Dan
9%
Human Fly
9%
Judas Traveller
9%
Montana
9%
Ringer
9%
Scourge
9%
Trapster
9%
Whirlwind
9%
White Dragon
9%
Answer
5%
Banjo
5%
Basilisk
5%
Blank
5%
Blizzard
5%
Bloodshed
5%
Bugeye
5%
Copperhead
5%
Digger
5%
Fogg
5%
Freak
5%
Gaunt
5%
Gibbon
5%
Gog
5%
Hypno-Hustler
5%
Jonas Harrow
5%
Lightmaster
5%
Living Brain
5%
Looter
5%
Mesmero
5%
Mirage
5%
Overdrive
5%
Ox
5%
Raptor
5%
Scorcher
5%
Shadrac
5%
Stone
5%
Styx
5%
The Painter
5%
Thousand
5%
Wrecker
5%
Zzzax
5%
Chance
0%
Fusion
0%

Score Distribution

Percentile by Number Answered

Percent of People with Each Score

Your Score History

You have not taken this quiz